| 000 | 02305nam0a2200397 4500 | ||
|---|---|---|---|
| 001 | RU\NLR\BIBL_A\012693306 | ||
| 005 | 20260407114916.0 | ||
| 035 | _a(NLR Aleph) 012693306 | ||
| 090 |
_a12854126 _c12854126 |
||
| 100 | _a20210916d1904 |||y0rusy50 ca | ||
| 101 | 0 | _arus | |
| 102 | _aRU | ||
| 105 | _ay z 000yy | ||
| 181 | 0 |
_ai _baxxe |
|
| 182 | 0 | _an | |
| 200 | 1 |
_aОб усилении кредита на добавочное содержание тюремных надзирателей за выслугу пятилетий по смете Министерства Юстиции по тюремной части на 1903 г. _fГосударственный Совет в Департаменте Государственной Экономии. Министерство Юстиции. 18 марта 1904 года. № 87 |
|
| 203 |
_aТекст _bвизуальный _cнепосредственный |
||
| 210 |
_a[Санкт-Петербург _cб. и.] _d1904 |
||
| 215 |
_a[1] с. _d35 |
||
| 300 | _aВ конце текста: Подписали: Ф. Тернер, П. Сабуров, Дмитрий Кобеко [и др.]; Скрепил: За Статс-Секретаря Оом | ||
| 300 | _aНа 1-й с.: CCCXCV, 4 | ||
| 309 | _aБез тит. л. и обл. | ||
| 606 | 1 |
_aТюрьмы _jДокументы и материалы _xФинансирование _yРоссия _92517176 _3RU\NLR\AUTH\6601706501 |
|
| 686 | 3 | _aХ884.9(2)01,011 | |
| 702 | 1 |
_4720 _7ca _8rus _aТернер _bФ. Г. _cгос. деятель _f1828-1906 _gФедор Густавович _9156929 _3RU\NLR\AUTH\770156969 |
|
| 702 | 1 |
_4720 _aСабуров _bП. А. _cдипломат _f1835-1918 _gПетр Александрович _9164024 _3RU\NLR\AUTH\770164068 |
|
| 702 | 1 |
_4720 _8rus _7ca _aКобеко _bД. Ф. _f1837-1918 _gДмитрий Фомич _3RU\NLR\AUTH\7746648 _929583 |
|
| 702 | 1 |
_aОом _4720 |
|
| 711 | 0 | 1 |
_aРоссия _bМинистерство юстиции _3RU\NLR\AUTH\889948183 _9391975 |
| 712 | 0 | 1 |
_4570 _aРоссия _bДепартамент государственной экономии _3RU\NLR\AUTH\889933514 _9362122 |
| 852 |
_aNLR _j135/294-367 (19) |
||
| 942 | _cBOOK | ||
| 980 | _aNB | ||